[Event "Ballarat Begonia Open"]
[Site "BallaratTechSchool"]
[Date "2020.03.08"]
[Round "3.6"]
[White "Johansen, Darryl K"]
[Black "Milojevic, Miodrag"]
[Result "1/2-1/2"]
[WhiteElo "2392"]
[BlackElo "1922"]
[PlyCount "101"]
[EventDate "2020.03.??"]
[EventType "swiss"]
[EventRounds "7"]
[EventCountry "AUS"]
[SourceVersionDate "2020.03.07"]

1. Nf3 Nf6 2. c4 e6 3. g3 d5 4. b3 Be7 5. Bg2 O-O 6. O-O c5 7. cxd5 exd5 8. d4
Nc6 9. Bb2 Re8 10. Nc3 b6 11. e3 Bb7 12. Rc1 Bf8 13. Re1 Rc8 14. Ne2 Ba6 15.
dxc5 bxc5 16. Nf4 d4 17. exd4 Rxe1+ 18. Nxe1 Nxd4 19. Nf3 Nxf3+ 20. Bxf3 Qxd1+
21. Rxd1 Be7 22. Be2 Bxe2 23. Nxe2 Rd8 24. Rxd8+ Bxd8 25. Nc3 Nd7 26. Ne4 f6
27. Kf1 Be7 28. Ke2 Kf7 29. Kd3 Nb6 30. Nd2 Ke6 31. f3 g6 32. Nc4 Nd5 33. a3
Bd8 34. Bc1 Bc7 35. Bh6 Kf7 36. Be3 Bb6 37. Bf2 Ke6 38. Be1 Bd8 39. Bf2 Bb6 40.
Nxb6 axb6 41. Kc4 Kd6 42. b4 cxb4 43. axb4 Kc6 44. b5+ Kd6 45. g4 f5 46. gxf5
gxf5 47. Kd4 f4 48. Bh4 Nc7 49. Kc4 Nd5 50. Kd4 Nc7 51. Kc4 1/2-1/2

[Event "Ballarat Begonia Open"]
[Site "BallaratTechSchool"]
[Date "2020.03.08"]
[Round "3.7"]
[White "Grabovac, Marko"]
[Black "Chapman, Mark"]
[Result "0-1"]
[WhiteElo "1934"]
[BlackElo "2376"]
[PlyCount "32"]
[EventDate "2020.03.??"]
[EventType "swiss"]
[EventRounds "7"]
[EventCountry "AUS"]
[SourceVersionDate "2020.03.07"]

1. e4 e5 2. Nf3 Nc6 3. Bb5 a6 4. Ba4 Nf6 5. O-O Be7 6. Re1 b5 7. Bb3 d6 8. c3
O-O 9. h3 Be6 10. Bxe6 fxe6 11. Qb3 Qd7 12. d4 exd4 13. cxd4 d5 14. e5 Ne4 15.
Nbd2 Bb4 16. Re2 Bxd2 0-1

[Event "Ballarat Begonia Open"]
[Site "BallaratTechSchool"]
[Date "2020.03.08"]
[Round "3.8"]
[White "Solomon, Stephen"]
[Black "Fikh, Anthony"]
[Result "1-0"]
[WhiteElo "2308"]
[BlackElo "1909"]
[PlyCount "99"]
[EventDate "2020.03.??"]
[EventType "swiss"]
[EventRounds "7"]
[EventCountry "AUS"]
[SourceVersionDate "2020.03.07"]

1. e4 c6 2. d4 d5 3. Nd2 dxe4 4. Nxe4 Nf6 5. Nxf6+ gxf6 6. c3 Bf5 7. Nf3 Nd7 8.
g3 Qa5 9. Bg2 Qb5 10. a4 Qd3 11. Qxd3 Bxd3 12. Bf4 O-O-O 13. O-O-O Ba6 14. Rhe1
e6 15. Kc2 Nb6 16. b3 Nd5 17. Bd2 Bd6 18. c4 Nb4+ 19. Kc3 c5 20. Be3 b6 21.
dxc5 Bxc5 22. Nd4 Bb7 23. Bxb7+ Kxb7 24. Nb5 Be7 25. Nd4 Nc6 26. Nxc6 Kxc6 27.
b4 Rxd1 28. Rxd1 Rd8 29. b5+ Kc7 30. Rxd8 Kxd8 31. g4 Kc7 32. a5 Bd6 33. h3 Kb7
34. c5 bxc5 35. Kc4 a6 36. Bxc5 axb5+ 37. Kxb5 Bf4 38. a6+ Ka8 39. Kc6 f5 40.
gxf5 exf5 41. Kd7 Bg5 42. Ke8 f6 43. Kf7 f4 44. f3 Bh4 45. Kg7 Bg5 46. Kxh7 Bh4
47. Kg6 Kb8 48. Kf5 Bg5 49. Bd4 Ka8 50. Bxf6 1-0

[Event "Ballarat Begonia Open"]
[Site "BallaratTechSchool"]
[Date "2020.03.08"]
[Round "3.17"]
[White "Ly, Thai"]
[Black "Archer, Saffron"]
[Result "1/2-1/2"]
[WhiteElo "1937"]
[BlackElo "1683"]
[PlyCount "84"]
[EventDate "2020.03.??"]
[EventType "swiss"]
[EventRounds "7"]
[EventCountry "AUS"]
[SourceVersionDate "2020.03.07"]

1. Nf3 d5 2. e3 e6 3. c4 c6 4. Nc3 Bd6 5. b3 f5 6. Bb2 Nf6 7. Qc2 O-O 8. Be2
Bd7 9. h3 Be8 10. Nd4 Qe7 11. cxd5 cxd5 12. Ncb5 Bxb5 13. Nxb5 Nc6 14. Nxd6
Qxd6 15. O-O Rac8 16. Rac1 Qd7 17. Qb1 Ne4 18. Rcd1 Qf7 19. d3 Nf6 20. b4 a6
21. a4 Ne7 22. Rc1 Ng6 23. Rxc8 Rxc8 24. Rc1 Qd7 25. Rxc8+ Qxc8 26. Qc1 Qxc1+
27. Bxc1 Kf7 28. Kf1 Ke7 29. Bb2 Nf8 30. g4 g6 31. Kg2 N8d7 32. Kg3 Kd6 33. f4
h6 34. h4 fxg4 35. Bxg4 Nxg4 36. Kxg4 e5 37. e4 dxe4 38. dxe4 Ke6 39. Bc1 Nf6+
40. Kf3 Nd7 41. Kg4 Nf6+ 42. Kf3 Nd7 1/2-1/2

[Event "Ballarat Begonia Open"]
[Site "BallaratTechSchool"]
[Date "2020.03.08"]
[Round "3.27"]
[White "Ooi, Jayden"]
[Black "Brockman, Roland"]
[Result "1-0"]
[WhiteElo "1599"]
[BlackElo "1474"]
[PlyCount "151"]
[EventDate "2020.03.??"]
[EventType "swiss"]
[EventRounds "7"]
[EventCountry "AUS"]
[SourceVersionDate "2020.03.07"]

1. d4 d5 2. Nf3 Nf6 3. g3 e6 4. Bg2 c5 5. O-O Nc6 6. b3 cxd4 7. Nxd4 Bc5 8.
Nxc6 bxc6 9. Bb2 O-O 10. Nd2 Ba6 11. h3 Qb6 12. Rc1 Nh5 13. b4 Qxb4 14. Nb3
Nxg3 15. Re1 Bb6 16. e3 Ne4 17. Qg4 g6 18. f3 f5 19. Qf4 g5 20. Qe5 Nf6 21.
Qxe6+ Kg7 22. Qxf5 h6 23. Bd4 c5 24. Ba1 Rae8 25. Qxd5 Rd8 26. Qe5 Rde8 27. Qf5
Bc8 28. Qd5 Rd8 29. Qe5 Rde8 30. Qc3 Qxc3 31. Bxc3 Kg6 32. Bxf6 Rxf6 33. Nd2
Rd6 34. Nc4 Rdd8 35. Nxb6 axb6 36. Kf2 Rd2+ 37. Re2 Red8 38. Rb1 R8d6 39. Ke1
Rxe2+ 40. Kxe2 Ba6+ 41. Ke1 b5 42. Bf1 c4 43. Be2 Kh5 44. e4 Kh4 45. Kf2 Rd2
46. Rc1 c3 47. Ke3 Rd6 48. Rd1 Rxd1 49. Bxd1 Kxh3 50. Be2 h5 51. e5 Bc8 52.
Bxb5 Kg2 53. Bc6 Kg1 54. a4 h4 55. a5 h3 56. e6 Bxe6 57. a6 h2 58. f4 gxf4+ 59.
Kxf4 h1=Q 60. Bxh1 Kxh1 61. Ke5 Bc8 62. a7 Bb7 63. Kd4 Kg2 64. Kxc3 Kf3 65. Kd4
Kf4 66. Kc5 Ke5 67. c4 Ke6 68. Kb6 Bh1 69. Kc7 Ke7 70. c5 Ba8 71. Kc8 Ke8 72.
Kc7 Ke7 73. Kb8 Bc6 74. a8=Q Bxa8 75. Kxa8 Kd7 76. Kb7 1-0

[Event "Ballarat Begonia Open"]
[Site "BallaratTechSchool"]
[Date "2020.03.08"]
[Round "3.28"]
[White "Kong, Nathan"]
[Black "Morris, Byron"]
[Result "1/2-1/2"]
[WhiteElo "1478"]
[BlackElo "1793"]
[PlyCount "88"]
[EventDate "2020.03.??"]
[EventType "swiss"]
[EventRounds "7"]
[EventCountry "AUS"]
[SourceVersionDate "2020.03.07"]

1. f4 d5 2. e3 c5 3. Nf3 Nc6 4. Bb5 Bd7 5. O-O a6 6. Bxc6 Bxc6 7. Ne5 Qc7 8. c4
dxc4 9. Nxc4 b5 10. Ne5 Bb7 11. b3 Nf6 12. Bb2 g6 13. d3 Bg7 14. Nd2 O-O 15.
Ndf3 Nd5 16. Qe2 f6 17. Ng4 Rac8 18. Rac1 Qd7 19. Nf2 Rc7 20. Nd2 Rfc8 21. Nfe4
Nb4 22. d4 f5 23. Nxc5 Rxc5 24. Rxc5 Rxc5 25. dxc5 Bxb2 26. Nf3 Bxf3 27. Qxb2
Be4 28. a3 Nd3 29. Qc3 Qc7 30. b4 e5 31. Rd1 exf4 32. Rxd3 Bxd3 33. Qxd3 fxe3
34. Qxe3 Qd7 35. h3 Qd1+ 36. Kh2 Qd7 37. Qe5 Qc6 38. Qb8+ Kg7 39. Qb6 Qd5 40.
Qc7+ Kf6 41. Qb6+ Kf7 42. Qa7+ Kf8 43. Qb8+ Kg7 44. Qc7+ Kf8 1/2-1/2

[Event "Ballarat Begonia Open"]
[Site "BallaratTechSchool"]
[Date "2020.03.08"]
[Round "3.39"]
[White "Li, Jackie"]
[Black "O'Carroll, Om"]
[Result "1-0"]
[WhiteElo "1647"]
[BlackElo "1236"]
[PlyCount "97"]
[EventDate "2020.03.??"]
[EventType "swiss"]
[EventRounds "7"]
[EventCountry "AUS"]
[SourceVersionDate "2020.03.07"]

1. d4 d5 2. c4 c6 3. Nf3 Nf6 4. Nc3 a6 5. e3 Bf5 6. Nh4 Bc8 7. b3 e6 8. Nf3 b5
9. Bd3 Nbd7 10. O-O Bd6 11. Qc2 O-O 12. e4 dxc4 13. bxc4 e5 14. d5 cxd5 15.
cxd5 Nc5 16. Bb2 Bg4 17. Nd2 Rc8 18. Qb1 Nh5 19. Re1 Qg5 20. Nb3 Nxd3 21. Qxd3
Bd7 22. Ne2 f5 23. Nd2 Qg6 24. Ng3 f4 25. Nxh5 Qxh5 26. Nf3 Rf6 27. Rac1 Re8
28. Rc6 Rg6 29. Kf1 Qg4 30. Ke2 Bxc6 31. dxc6 Qc8 32. Rc1 Rd8 33. Bxe5 Bxe5 34.
Qb3+ Qe6 35. Nxe5 Qxb3 36. axb3 Re6 37. Rc5 Rc8 38. g3 fxg3 39. hxg3 Rxe5 40.
Rxe5 Rxc6 41. Kd3 b4 42. Ra5 Rc3+ 43. Kd4 Rxb3 44. Rxa6 Rb1 45. Rb6 b3 46. Ke5
b2 47. Rb7 h6 48. Kf5 Rf1 49. Rxb2 1-0

[Event "Ballarat Begonia Open"]
[Site "BallaratTechSchool"]
[Date "2020.03.08"]
[Round "3.40"]
[White "Van Sebille, Sulia"]
[Black "Waadhwa, Ehsaas"]
[Result "1-0"]
[WhiteElo "1635"]
[BlackElo "1219"]
[PlyCount "71"]
[EventDate "2020.03.??"]
[EventType "swiss"]
[EventRounds "7"]
[EventCountry "AUS"]
[SourceVersionDate "2020.03.07"]

1. e4 Nc6 2. d4 d5 3. e5 Bf5 4. Nf3 e6 5. Bd3 Bg4 6. c3 g6 7. h3 Bxf3 8. Qxf3
Bg7 9. O-O f5 10. exf6 Qxf6 11. Qxf6 Nxf6 12. Nd2 O-O-O 13. f4 Nd7 14. Nf3 Bf6
15. Ne5 Bxe5 16. fxe5 Rdf8 17. Bh6 Rxf1+ 18. Rxf1 Nd8 19. Be2 c6 20. Bg4 Rg8
21. h4 a6 22. Bg5 Rf8 23. Rxf8 Nxf8 24. Be7 h5 25. Bh3 Nd7 26. Bxd8 Kxd8 27.
Bxe6 Nf8 28. Bh3 Nh7 29. Kf2 b6 30. Ke3 b5 31. Kf4 Ke7 32. b4 Kd8 33. Be6 Nf8
34. Bg8 Ke7 35. Kg5 Ke8 36. Kf6 1-0

[Event "Ballarat Begonia Open"]
[Site "BallaratTechSchool"]
[Date "2020.03.08"]
[Round "3.47"]
[White "Goodison, Justin"]
[Black "Lu, Lillian"]
[Result "0-1"]
[WhiteElo "1335"]
[BlackElo "1908"]
[PlyCount "88"]
[EventDate "2020.03.??"]
[EventType "swiss"]
[EventRounds "7"]
[EventCountry "AUS"]
[SourceVersionDate "2020.03.07"]

1. e4 e6 2. d4 d5 3. exd5 exd5 4. Nf3 Nc6 5. Nc3 Be6 6. Bb5 Nge7 7. O-O a6 8.
Ba4 f6 9. h3 Qd7 10. Bf4 g5 11. Bh2 h5 12. Re1 O-O-O 13. Qe2 Bf5 14. Bb3 g4 15.
Nh4 gxh3 16. Nxf5 Qxf5 17. Qe6+ Qxe6 18. Rxe6 Rg8 19. g3 Rg6 20. Rd1 Bh6 21.
Kh1 Rd7 22. Bg1 Nd8 23. Re2 c6 24. Kh2 Nf5 25. Kxh3 Rdg7 26. Rd3 Rg4 27. Re1
Nxd4 28. Kh2 Nf5 29. Ne2 h4 30. Rf3 R7g5 31. Kh3 Re4 32. c3 hxg3 33. fxg3 Rh5+
34. Kg2 Bd2 35. Bc2 Bxe1 36. Bxe4 dxe4 37. Rf1 Bd2 38. g4 Nh4+ 39. Kg3 Rh6 40.
Rd1 Nf3 41. Bb6 Ne6 42. Nd4 Be1+ 43. Kg2 Nf4+ 44. Kf1 Rh1# 0-1

[Event "Ballarat Begonia Open"]
[Site "BallaratTechSchool"]
[Date "2020.03.08"]
[Round "4.1"]
[White "Puccini, Jack"]
[Black "Ly, Moulthun"]
[Result "1/2-1/2"]
[WhiteElo "2287"]
[BlackElo "2479"]
[PlyCount "42"]
[EventDate "2020.03.??"]
[EventType "swiss"]
[EventRounds "7"]
[EventCountry "AUS"]
[SourceVersionDate "2020.03.07"]

1. e4 c5 2. Nf3 Nc6 3. d4 cxd4 4. c3 dxc3 5. Nxc3 e6 6. Bc4 a6 7. O-O Nge7 8.
Bg5 h6 9. Be3 b5 10. Bb3 Na5 11. Rc1 Nxb3 12. Qxb3 Ng6 13. a4 b4 14. Nd5 exd5
15. Qxd5 Rb8 16. Ne5 Qe7 17. Nxg6 fxg6 18. Rc7 Qe6 19. Rfc1 Qxd5 20. Rxc8+ Kf7
21. exd5 Bd6 1/2-1/2

[Event "Ballarat Begonia Open"]
[Site "BallaratTechSchool"]
[Date "2020.03.08"]
[Round "4.2"]
[White "Fernandez, Daniel Howard"]
[Black "Solomon, Stephen"]
[Result "1/2-1/2"]
[WhiteElo "2477"]
[BlackElo "2308"]
[PlyCount "100"]
[EventDate "2020.03.??"]
[EventType "swiss"]
[EventRounds "7"]
[EventCountry "AUS"]
[SourceVersionDate "2020.03.07"]

1. e4 e5 2. Bc4 Nf6 3. d3 Nc6 4. a3 Be7 5. Nc3 d6 6. f4 Bg4 7. Qd2 exf4 8. Qxf4
Ne5 9. Ba2 Be6 10. d4 Ng6 11. Qf3 Bxa2 12. Rxa2 Qd7 13. Qh3 Qxh3 14. Nxh3 Kd7
15. Ke2 Rae8 16. Ra1 Rhf8 17. Nf2 h5 18. Be3 Ng4 19. Nxg4 hxg4 20. Raf1 f5 21.
g3 fxe4 22. Nxe4 Bf6 23. Kd3 c5 24. Nxf6+ Rxf6 25. Rxf6 gxf6 26. dxc5 Ne5+ 27.
Kc3 dxc5 28. h3 gxh3 29. Rxh3 b6 30. Bf4 Nc6 31. Kc4 a6 32. Rh2 Re4+ 33. Kd3
Rd4+ 34. Kc3 Ne7 35. Kb3 Nd5 36. Bd2 c4+ 37. Ka2 b5 38. Rh7+ Ke6 39. Ba5 Ne7
40. Rh8 Nf5 41. g4 Rxg4 42. Ra8 Nd4 43. Rxa6+ Kd5 44. Rxf6 Nxc2 45. Rf5+ Ke4
46. Rxb5 Rg1 47. b3 Nd4 48. bxc4 Nxb5 49. cxb5 Kd5 50. Kb3 Kc5 1/2-1/2

[Event "Ballarat Begonia Open"]
[Site "BallaratTechSchool"]
[Date "2020.03.08"]
[Round "4.3"]
[White "McClymont, Brodie"]
[Black "Nemeth, John"]
[Result "0-1"]
[WhiteElo "2410"]
[BlackElo "2180"]
[PlyCount "127"]
[EventDate "2020.03.??"]
[EventType "swiss"]
[EventRounds "7"]
[EventCountry "AUS"]
[SourceVersionDate "2020.03.07"]

1. e4 c5 2. Nf3 Nc6 3. d4 cxd4 4. Nxd4 g6 5. c4 Bg7 6. Nc2 Nf6 7. Nc3 O-O 8.
Be2 d6 9. O-O Nd7 10. Bd2 Nc5 11. f3 a5 12. Be3 Bd7 13. Qd2 a4 14. Na3 f5 15.
exf5 Bxf5 16. Kh1 Kh8 17. Nab5 Qa5 18. Rad1 a3 19. b3 Nb4 20. Nd5 Nxd5 21. Qxd5
Bc2 22. Rc1 Bxb3 23. axb3 Nxb3 24. Nxa3 Qxd5 25. cxd5 Rxa3 26. Rc7 Nd4 27. Bc1
Ra5 28. Bd3 Rxd5 29. Rxe7 Nc6 30. Re3 Re5 31. Rxe5 Nxe5 32. Be4 b5 33. Ba3 Nc4
34. Bb4 Rc8 35. Rc1 Bf6 36. g3 Kg7 37. Rc2 Bd4 38. Bb7 Rc7 39. Ba6 Ra7 40. Ra2
Bc5 41. Bc3+ Kf8 42. Ra1 Na3 43. Bc8 b4 44. Bh8 Kf7 45. Re1 Re7 46. Rxe7+ Kxe7
47. Ba6 b3 48. Bb2 d5 49. Bxa3 Bxa3 50. Kg2 Kd6 51. Kf2 Bc5+ 52. Ke2 Ke5 53.
f4+ Kd4 54. Bd3 Kc3 55. h4 Bf2 56. g4 Bxh4 57. f5 gxf5 58. Bxf5 h6 59. Be6 d4
60. Bf5 Bf6 61. Be6 Kc2 62. Bf5+ Kc3 63. Kd1 d3 64. Be6 0-1

[Event "Ballarat Begonia Open"]
[Site "BallaratTechSchool"]
[Date "2020.03.08"]
[Round "4.6"]
[White "Zhao, Zong Yuan"]
[Black "Chibnall, Alana"]
[Result "1-0"]
[WhiteElo "2524"]
[BlackElo "1915"]
[PlyCount "68"]
[EventDate "2020.03.??"]
[EventType "swiss"]
[EventRounds "7"]
[EventCountry "AUS"]
[SourceVersionDate "2020.03.07"]

1. d4 Nf6 2. c4 g6 3. Nc3 Bg7 4. e4 d6 5. Nf3 O-O 6. h3 Na6 7. Be3 c5 8. d5 e6
9. Bd3 exd5 10. cxd5 Re8 11. O-O Nc7 12. Nd2 Rb8 13. a4 b6 14. Re1 a6 15. Nc4
b5 16. Na5 Bd7 17. axb5 axb5 18. Bg5 h6 19. Bh4 b4 20. Nb1 Nb5 21. Nc4 Ra8 22.
Rxa8 Qxa8 23. Nbd2 Qb8 24. Bg3 Bf8 25. Nb3 Qd8 26. Qd2 Nh5 27. Bh2 Qg5 28. Ra1
Qxd2 29. Nbxd2 Rd8 30. Ra6 Be8 31. Nb3 f5 32. exf5 Nf6 33. Ne3 Kh8 34. Nxc5 Nc7
1-0

[Event "Ballarat Begonia Open"]
[Site "BallaratTechSchool"]
[Date "2020.03.08"]
[Round "4.11"]
[White "Archer, Saffron"]
[Black "Skiotis, Pano"]
[Result "1/2-1/2"]
[WhiteElo "1683"]
[BlackElo "2073"]
[PlyCount "64"]
[EventDate "2020.03.??"]
[EventType "swiss"]
[EventRounds "7"]
[EventCountry "AUS"]
[SourceVersionDate "2020.03.07"]

1. e4 c5 2. Nf3 d6 3. d4 cxd4 4. Nxd4 Nf6 5. Nc3 g6 6. Be3 Bg7 7. f3 Nc6 8. Qd2
O-O 9. O-O-O d5 10. Qe1 e5 11. Nxc6 bxc6 12. exd5 Nxd5 13. Bc4 Be6 14. Bb3 a5
15. Na4 Qb8 16. Nc5 Bc8 17. Bxd5 cxd5 18. Rxd5 Re8 19. Qd2 e4 20. c3 exf3 21.
gxf3 a4 22. Rd8 Qb5 23. Rxe8+ Qxe8 24. Re1 Bf5 25. Bd4 Qc6 26. Bxg7 Kxg7 27.
Qd4+ Kg8 28. Ne4 Ra6 29. Ng3 Be6 30. Nh5 gxh5 31. Rg1+ Bg4 32. fxg4 h4 1/2-1/2

[Event "Ballarat Begonia Open"]
[Site "BallaratTechSchool"]
[Date "2020.03.08"]
[Round "4.14"]
[White "Do, Aaron"]
[Black "Wang, Kayson"]
[Result "1-0"]
[WhiteElo "1649"]
[BlackElo "1969"]
[PlyCount "71"]
[EventDate "2020.03.??"]
[EventType "swiss"]
[EventRounds "7"]
[EventCountry "AUS"]
[SourceVersionDate "2020.03.07"]

1. d4 Nf6 2. c4 Nc6 3. Nf3 e6 4. Nc3 Bb4 5. Bd2 d6 6. d5 Ne7 7. Qa4+ c6 8. Qxb4
cxd5 9. cxd5 Nexd5 10. Qh4 Bd7 11. Nxd5 Nxd5 12. Qxd8+ Rxd8 13. e4 Nf6 14. e5
dxe5 15. Nxe5 O-O 16. Bb4 Rfe8 17. Nxd7 Nxd7 18. Bb5 a6 19. Bxd7 Rxd7 20. O-O
h6 21. Rfd1 Rxd1+ 22. Rxd1 Rc8 23. Bc3 b5 24. g3 h5 25. Rd6 Ra8 26. Ba5 Kh7 27.
Rc6 g6 28. Rc7 Kg8 29. Rd7 Kg7 30. Bc3+ Kf8 31. Bf6 Ke8 32. Rd6 a5 33. a3 b4
34. axb4 axb4 35. Kg2 Rb8 36. Rd4 1-0

[Event "Ballarat Begonia Open"]
[Site "BallaratTechSchool"]
[Date "2020.03.08"]
[Round "4.16"]
[White "Ilic, Nicholas"]
[Black "Van Sebille, Sulia"]
[Result "1-0"]
[WhiteElo "1949"]
[BlackElo "1635"]
[PlyCount "41"]
[EventDate "2020.03.??"]
[EventType "swiss"]
[EventRounds "7"]
[EventCountry "AUS"]
[SourceVersionDate "2020.03.07"]

1. e4 e5 2. Nf3 Nc6 3. Bb5 a6 4. Ba4 Nf6 5. O-O Be7 6. Re1 b5 7. Bb3 O-O 8. h3
Bb7 9. d3 d5 10. exd5 Nxd5 11. Nbd2 Qd7 12. Nf1 Rae8 13. c3 Bc5 14. Ng3 Bb6 15.
Ng5 Na5 16. Bc2 h6 17. Nf3 Nc6 18. Nh4 b4 19. Nhf5 bxc3 20. Qg4 g6 21. Nxh6+
1-0

[Event "Ballarat Begonia Open"]
[Site "BallaratTechSchool"]
[Date "2020.03.08"]
[Round "4.24"]
[White "Whitford, Matthew"]
[Black "Ooi, Jayden"]
[Result "1-0"]
[WhiteElo "1488"]
[BlackElo "1599"]
[PlyCount "85"]
[EventDate "2020.03.??"]
[EventType "swiss"]
[EventRounds "7"]
[EventCountry "AUS"]
[SourceVersionDate "2020.03.07"]

1. e4 e5 2. Bc4 Nc6 3. Nc3 Nf6 4. d3 Bc5 5. f4 d6 6. Nf3 Bg4 7. h3 Bxf3 8. Qxf3
Nd4 9. Qd1 Qd7 10. Ne2 O-O-O 11. f5 c6 12. c3 Nxe2 13. Qxe2 d5 14. Bb3 Rhe8 15.
g4 Bb6 16. g5 Ng8 17. Bd2 f6 18. O-O-O Kb8 19. h4 Ne7 20. Qh5 Rh8 21. Qf7 Nc8
22. Qxd7 Rxd7 23. h5 Rhd8 24. h6 dxe4 25. Be6 Rxd3 26. hxg7 e3 27. g8=Q Rxg8
28. Bxg8 exd2+ 29. Kc2 Rg3 30. Rxh7 Rxg5 31. Be6 Be3 32. Rh8 Kc7 33. Rxc8+ Kb6
34. Rf8 Bf4 35. Rxf6 e4 36. Rg6 Rh5 37. f6 e3 38. Bc4 Rf5 39. Bd3 a6 40. Bxf5
e2 41. Rgg1 Be3 42. Rxd2 Bxg1 43. Rxe2 1-0

[Event "Ballarat Begonia Open"]
[Site "BallaratTechSchool"]
[Date "2020.03.08"]
[Round "4.27"]
[White "Kalina, Leo"]
[Black "Lu, Lillian"]
[Result "0-1"]
[WhiteElo "1369"]
[BlackElo "1908"]
[PlyCount "108"]
[EventDate "2020.03.??"]
[EventType "swiss"]
[EventRounds "7"]
[EventCountry "AUS"]
[SourceVersionDate "2020.03.07"]

1. e4 e6 2. d4 d5 3. Nd2 Nf6 4. e5 Nfd7 5. Bd3 c5 6. c3 Nc6 7. Ne2 cxd4 8. cxd4
f6 9. Nf3 fxe5 10. dxe5 Ndxe5 11. Nxe5 Nxe5 12. Bf4 Bb4+ 13. Nc3 Nxd3+ 14. Qxd3
O-O 15. Be5 Bc5 16. O-O Bd7 17. a3 Qb6 18. Qg3 Rf7 19. b4 Bd4 20. Bxd4 Qxd4 21.
Rad1 Qb6 22. Qe3 Qxe3 23. fxe3 Rc8 24. Rxf7 Kxf7 25. Ne2 Rc2 26. Nd4 Rc3 27.
Kf2 Rxa3 28. Rc1 Ra2+ 29. Kf3 e5 30. Rc7 Ke7 31. Nb5 Rb2 32. Rxb7 Rxb4 33. Nd6
Rxb7 34. Nxb7 Bc6 35. Nc5 Kd6 36. Nb3 Ba4 37. Nd2 Bc2 38. Ke2 a5 39. Nf3 Be4
40. Ne1 Kc5 41. Kd2 Kc4 42. Kc1 Kc3 43. Nf3 Bxf3 44. gxf3 Kd3 45. f4 exf4 46.
exf4 Ke2 47. f5 d4 48. f6 gxf6 49. h4 d3 50. h5 d2+ 51. Kb2 d1=Q 52. Ka3 Qb1
53. h6 Kd3 54. Ka4 Qb4# 0-1

[Event "Ballarat Begonia Open"]
[Site "BallaratTechSchool"]
[Date "2020.03.08"]
[Round "4.29"]
[White "Morris, Byron"]
[Black "Harding, Ben"]
[Result "1/2-1/2"]
[WhiteElo "1793"]
[BlackElo "1479"]
[PlyCount "92"]
[EventDate "2020.03.??"]
[EventType "swiss"]
[EventRounds "7"]
[EventCountry "AUS"]
[SourceVersionDate "2020.03.07"]

1. e4 e6 2. d4 d5 3. Nc3 Bb4 4. e5 c5 5. a3 Bxc3+ 6. bxc3 Ne7 7. f4 O-O 8. Nf3
Nbc6 9. Bd3 Nf5 10. Bxf5 exf5 11. Be3 c4 12. h3 h6 13. Bf2 Qa5 14. Qd2 Ne7 15.
Rg1 Qb6 16. Nh4 Qb2 17. Ke2 Qb6 18. Qe3 Ng6 19. g4 Nxh4 20. Bxh4 Qg6 21. Kf3 h5
22. gxh5 Qxh5+ 23. Kg3 Re8 24. Qf3 Qxf3+ 25. Kxf3 Kh7 26. Rg2 Re6 27. Bg5 Bd7
28. Rag1 Rg6 29. h4 Ra6 30. Be7 Rg6 31. Rxg6 fxg6 32. Rg5 Re8 33. Bd6 Re6 34.
Rg1 Ba4 35. Rc1 b6 36. Kg3 Kg8 37. Kf3 Kf7 38. Kf2 Re8 39. Kg3 Rh8 40. Bb4 Ke6
41. Bd6 a5 42. Bc7 Kd7 43. Bd6 Kc8 44. Rb1 Kb7 45. Bc5 b5 46. Rb2 Kc6 1/2-1/2

[Event "Ballarat Begonia Open"]
[Site "BallaratTechSchool"]
[Date "2020.03.08"]
[Round "4.40"]
[White "O'Carroll, Om"]
[Black "Feinberg, Julian"]
[Result "1-0"]
[WhiteElo "1236"]
[BlackElo "1736"]
[PlyCount "29"]
[EventDate "2020.03.??"]
[EventType "swiss"]
[EventRounds "7"]
[EventCountry "AUS"]
[SourceVersionDate "2020.03.07"]

1. e4 c5 2. Nc3 d6 3. d4 cxd4 4. Qxd4 Nc6 5. Qd2 Nf6 6. b3 e6 7. Bb2 Be7 8.
O-O-O O-O 9. f4 a6 10. Nf3 b5 11. g4 Nxg4 12. Rg1 Nf6 13. e5 dxe5 14. Qg2 g6
15. Rxd8 1-0

[Event "Ballarat Begonia Open"]
[Site "BallaratTechSchool"]
[Date "2020.03.08"]
[Round "5.1"]
[White "Nemeth, John"]
[Black "Chapman, Mark"]
[Result "1/2-1/2"]
[WhiteElo "2180"]
[BlackElo "2376"]
[PlyCount "35"]
[EventDate "2020.03.??"]
[EventType "swiss"]
[EventRounds "7"]
[EventCountry "AUS"]
[SourceVersionDate "2020.03.07"]

1. e4 e5 2. Nf3 Nc6 3. Bb5 a6 4. Ba4 Nf6 5. O-O Be7 6. Re1 b5 7. Bb3 d6 8. c3
O-O 9. h3 Be6 10. d4 Bxb3 11. Qxb3 exd4 12. cxd4 d5 13. e5 Ne4 14. Nc3 Nxc3 15.
Qxc3 Qd7 16. Bd2 Rfc8 17. Qd3 b4 18. Rac1 1/2-1/2

[Event "Ballarat Begonia Open"]
[Site "BallaratTechSchool"]
[Date "2020.03.08"]
[Round "5.2"]
[White "Solomon, Stephen"]
[Black "Zhao, Zong Yuan"]
[Result "1/2-1/2"]
[WhiteElo "2308"]
[BlackElo "2524"]
[PlyCount "93"]
[EventDate "2020.03.??"]
[EventType "swiss"]
[EventRounds "7"]
[EventCountry "AUS"]
[SourceVersionDate "2020.03.07"]

1. e4 c5 2. Nf3 Nc6 3. d4 cxd4 4. Nxd4 Nf6 5. Nc3 d6 6. Bg5 e6 7. Qd2 a6 8.
O-O-O Bd7 9. f4 Be7 10. Nf3 b5 11. a3 Qa5 12. Kb1 h6 13. Bh4 Rd8 14. e5 dxe5
15. fxe5 Bc8 16. Bd3 Nd5 17. Nxd5 Qxd2 18. Rxd2 Rxd5 19. Bg3 O-O 20. Rhd1 Rfd8
21. Be4 Rxd2 22. Rxd2 Rxd2 23. Nxd2 Bd7 24. c4 b4 25. axb4 Nxb4 26. Nf3 f5 27.
exf6 gxf6 28. b3 a5 29. Kc1 Kf7 30. Kd2 Na6 31. Bf2 a4 32. bxa4 Bxa4 33. g4
Bb4+ 34. Kd3 Nc5+ 35. Bxc5 Bxc5 36. h4 Ke7 37. h5 Kd6 38. Bg6 Bd1 39. g5 fxg5
40. Nxg5 Ke5 41. Nf7+ Kf6 42. Nxh6 Bxh5 43. Bxh5 Kg5 44. Nf7+ Kxh5 45. Nd8 Kg6
46. Nxe6 Bg1 47. Ke4 1/2-1/2

[Event "Ballarat Begonia Open"]
[Site "BallaratTechSchool"]
[Date "2020.03.08"]
[Round "5.3"]
[White "Ly, Moulthun"]
[Black "Morris, James"]
[Result "1-0"]
[WhiteElo "2479"]
[BlackElo "2475"]
[PlyCount "71"]
[EventDate "2020.03.??"]
[EventType "swiss"]
[EventRounds "7"]
[EventCountry "AUS"]
[SourceVersionDate "2020.03.07"]

1. d4 Nf6 2. Nf3 g6 3. c4 Bg7 4. Nc3 d5 5. cxd5 Nxd5 6. e4 Nxc3 7. bxc3 c5 8.
Rb1 O-O 9. Be2 b6 10. O-O Bb7 11. Qc2 Qc7 12. d5 Nd7 13. a4 c4 14. Be3 Ne5 15.
Nd4 Ba6 16. f4 Nd3 17. Nb5 Bxb5 18. Rxb5 e6 19. e5 exd5 20. Bxd3 cxd3 21. Qxd3
Rad8 22. a5 bxa5 23. Rc5 Qb6 24. Rb1 Qe6 25. Rxa5 f6 26. Ra6 Qg4 27. h3 Qc8 28.
Rxa7 Rd7 29. Rb8 Qxb8 30. Rxd7 fxe5 31. Qxd5+ Kh8 32. Bc5 Rg8 33. Bd6 Qb1+ 34.
Kh2 Qf5 35. Rf7 Qh5 36. Rxg7 1-0

[Event "Ballarat Begonia Open"]
[Site "BallaratTechSchool"]
[Date "2020.03.08"]
[Round "5.4"]
[White "Puccini, Jack"]
[Black "Fernandez, Daniel Howard"]
[Result "1-0"]
[WhiteElo "2287"]
[BlackElo "2477"]
[PlyCount "65"]
[EventDate "2020.03.??"]
[EventType "swiss"]
[EventRounds "7"]
[EventCountry "AUS"]
[SourceVersionDate "2020.03.07"]

1. e4 c6 2. d4 d5 3. e5 c5 4. dxc5 e6 5. a3 Nc6 6. Nf3 Bxc5 7. b4 Be7 8. Bd3 f6
9. Bb2 Nh6 10. O-O Nf7 11. exf6 Bxf6 12. Bxf6 gxf6 13. c4 dxc4 14. Bxc4 Qxd1
15. Rxd1 Ke7 16. Nc3 b6 17. Nd5+ exd5 18. Bxd5 Nfd8 19. b5 Bb7 20. bxc6 Bxc6
21. Nh4 Bxd5 22. Rxd5 Ke6 23. Rd3 Nc6 24. Re1+ Kf7 25. Rd7+ Kf8 26. Rc7 Nd4 27.
Ree7 Rg8 28. Rxh7 Nb5 29. Rcd7 Rc8 30. g3 Nxa3 31. Nf5 Nc4 32. Rhf7+ Ke8 33.
Nd4 1-0